| 000 | 00705nam a2200169 i 4500 | ||
|---|---|---|---|
| 001 | 40817 | ||
| 003 | ES-MaACL | ||
| 005 | 20251011063059.0 | ||
| 007 | t| | ||
| 008 | 030307s1863 sp ||||1| spa d | ||
| 100 | 1 |
_aCapmany y de Montpalau, Antonio de, _d1742-1813 _934868 |
|
| 245 | 1 | 0 |
_aHistoria del Monasterio del Caballero de Gracia, de religiosas Franciscas [i.e. Franciscanas] Descalzas Conceptistas Recoletas, fundado con el título de S. José de Jesús María... / _credactada por Antonio Capmani y de Montpalau. |
| 260 |
_aMadrid : _b[s.n.], _c1863 ( _fImp. de Eusebio Aguado) |
||
| 300 |
_a77 p., [3] h. de lám. ; _c23 cm. |
||
| 852 |
_aES-MaACL _j1569-F-15 |
||
| 999 |
_c40817 _d40817 |
||